000 01110cam a22002891 4500
001 gs 41000050
003 DLC
005 20260227111346.0
008 800923s1941 dcuabf b f001 0 eng
010 _ags 41000050
035 _a(OCoLC)6744972
040 _aDLC
_cICharE
_dDLC
043 _an-us-ut
_an-us-wy
050 0 0 _aQE75
_b.B9 no. 923
051 _aQE79
_b.R5
100 1 _aRichardson, G. B.
_q(George Burr),
_d1872-1949.
245 1 0 _aGeology and mineral resources of the Randolph quadrangle, Utah-Wyoming,
_cby G. B. Richardson.
260 _aWashington,
_bU.S. Govt. Print. Off.,
_c1941.
300 _av, 54 p.
_bincl. illus. (maps) tables, plates (1 fold.) fold. map (in pocket)
_c23 cm.
490 0 _aU.S. Geological survey. Bulletin 923
500 _aAt head of title: United States Dept. of the Interior, Harold L. Ickes, secretary. Geological survey, W. C. Mendenhall, director.
504 _aBibliographical foot-notes.
650 0 _aGeology
_zUtah.
650 0 _aGeology
_zWyoming.
650 0 _aMines and mineral resources
_zUtah.
650 0 _aMines and mineral resources
_zWyoming.
999 _c27707
_d27707